| 000 | 00772nam a22002057a 4500 | ||
|---|---|---|---|
| 003 | BD-DhUL | ||
| 005 | 20160921191654.0 | ||
| 008 | 160126s1983 bg |||| |||| 001 0 ben | ||
| 040 |
_aBD-DhUL _cBD-DhUL |
||
| 082 |
_a954.92 _bBAS |
||
| 100 | _aমোহাম্মদ, বেলাল | ||
| 245 |
_aস্বাধীন বাংলা বেতার কেন্দ্র / _cবেলাল মোহাম্মদ |
||
| 260 |
_aঢাকা : _bফুলদুল প্রকাশনী, _c১৯৮৩. |
||
| 300 |
_a৩৩৪ পৃ. : _c২১ সেমি. |
||
| 365 |
_aBDT _b270 |
||
| 500 | _aনির্ঘন্ট সম্বলিত | ||
| 650 | _aবাংলাদেশ-ইতিহাস | ||
| 651 | 1 |
_aBangladesh _xHistory |
|
| 942 |
_2ddc _cBK |
||
| 999 |
_c105305 _d105305 |
||